Logo BPK

Biblioteka

Politechniki Koszalińskiej

Podstawy telewizji / (Rekord nr 22085)

Szczegóły MARC
000 -ETYKIETA REKORDU
podpole kontrolne o stałej długości 00431nam a2200169 i 4500
001 - NUMER KONTROLNY REKORDU
pole kontrolne bg
040 ## - ŹRÓDŁO KATALOGOWANIA
Instytucja, która utworzyła rekord BPK
041 ## - KOD JĘZYKA
Kod języka tekstu pol
080 ## - UNIWERSALNA KLASYFIKACJA DZIESIĘTNA - UKD
UKD 621.397(075.8)
008 - POLE O STAŁEJ DŁUGOŚCI - DANE KONTROLNE
podpole kontrolne o stałej długości s pl f |000 0 pol
100 1# - NAZWA OSOBOWA
Nazwa osobowa FIOK, Adam
245 #0 - TYTUŁ/ODPOWIEDZIALNOŚĆ
Tytuł Podstawy telewizji /
Pozostałe elementy strefy tytułu i oznaczenia odpowiedzialności Adam Fiok, Marek Rusin.
260 ## - STREFA ADRESU WYDAWNICZEGO
Miejsce wydania Warszawa :
Nazwa wydawcy/dystrybutora Wydaw. Politechniki Warszawskiej,
Data publikacji, dystrybucji/powstania dokumentu 1983.
300 ## - STREFA OPISU FIZYCZNEGO
Objętość 508 s. :
Inne cechy fizyczne rys.
700 1# - HASŁO DODATKOWE - NAZWA OSOBOWA
Nazwa osobowa RUSIN, Marek
856 ## - LOKALIZACJA I DOSTĘP DO ELEKTRONICZNYCH DOKUMENTÓW ZDALNYCH
Link (URL) http://koha.tu.koszalin.pl/cgi-bin/koha/opac-detail.pl?biblionumber=22085
Tekst linku Katalog online BPK
942 ## - DODATKOWE ELEMENTY (KOHA)
Typ dokumentu Książka
Egzemplarze
Wycofany Status egzemplarza Uszkodzony Dostępność Lokalizacja stała Lokalizacja bieżąca Miejsce przechowywania Sygnatura Kod kreskowy Typ dokumentu
      Dostępny Biblioteka Politechniki Koszalińskiej Biblioteka Politechniki Koszalińskiej Wypożyczalnia BG 31039 01442229 Książka
© 2023 Biblioteka Politechniki Koszalińskiej :: KOHA